| 000 | 00422nam a2200157 i 4500 | ||
|---|---|---|---|
| 001 | bg | ||
| 100 | 1 | _aPIOTROWSKI, Witold | |
| 245 | 0 |
_aWytwornice pary / _cW. Piotrowski, W. Rokicki, R. Szałucki ; pod red Witolda Piotrowskiego. |
|
| 260 |
_aGdańsk, _c1984. |
||
| 700 | 1 | _aROKICKI, Henryk | |
| 700 | 1 | _aSZAŁUCKI, Ryszard | |
| 040 | _cBPK | ||
| 041 | _apol | ||
| 942 | _cKS | ||
| 008 | s pl f |000 0 pol | ||
| 999 |
_c2433 _d2433 |
||
| 856 |
_uhttp://koha.tu.koszalin.pl/cgi-bin/koha/opac-detail.pl?biblionumber=2433 _yKatalog online BPK |
||